Teaching in the elementary school : Planning for competence

Zapisane w:
Opis bibliograficzny
1. autor: Callahan, Joseph F.
Format: Książka
Język:Undetermined
Wydane: New York MacMillan 1977
Hasła przedmiotowe:
Etykiety: Dodaj etykietę
Nie ma etykietki, Dołącz pierwszą etykiete!
Thư viện lưu trữ: Trung tâm Học liệu Trường Đại học Cần Thơ
LEADER 00537nam a2200193Ia 4500
001 CTU_43101
008 210402s9999 xx 000 0 und d
082 |a 372 
082 |b C156 
100 |a Callahan, Joseph F. 
245 0 |a Teaching in the elementary school : 
245 0 |b Planning for competence 
245 0 |c Joseph F. Callahan, Leonard H. Clark 
260 |a New York 
260 |b MacMillan 
260 |c 1977 
650 |a Education, elementary 
904 |i Minh 
980 |a Trung tâm Học liệu Trường Đại học Cần Thơ